Le Bon Nombre - Sciences - Statistiques

Statistiques générales
  • Ce quiz a été pris 3 456 fois
  • Le résultat moyen est 6 sur 10
Réponses sur la Carte
Les réponses sont colorées sur une échelle allant du rouge au vert en fonction du pourcentage des utilisateurs qui les ont devinées à leur premier essai. Vous pouvez retrouver ces pourcentages ci-dessous.
 
Statistiques - réponses
Réponse % Correct
pH neutre
84%
Planètes dans le Système Solaire
76%
Paires de chromosomes dans une cellule humaine
73%
Carats de l'or pur
70%
Numéro atomique de l'hélium
68%
Osselets de l'oreille
54%
Côtés d'un enneagone
43%
Vitamines
35%
Genres de nuages
29%
Solides de Platon
25%
Aucun quiz correspondant
Distribution des résultats
% des personnes avec chaque résultat
Percentile par nombre de réponses
Votre historique - résultats
Vous n’avez pas pris ce quiz